Programa de Ajuste Estructural /
Kaydedildi:
| Yazar: | |
|---|---|
| Materyal Türü: | Kitap |
| Dil: | Spanish |
| Etiketler: |
Etiketle
Etiket eklenmemiş, İlk siz ekleyin!
|
MARC
| LEADER | 00000nam a22000007a 4500 | ||
|---|---|---|---|
| 003 | cru CIDCACS/IIS | ||
| 005 | 20161103132717.0 | ||
| 007 | ta | ||
| 008 | 161103s1990 cr ||||| |||| 00| 0 spa d | ||
| 040 | |c cru CIDCACS/IIS | ||
| 100 | 1 | |9 201 |a Lizano Fait, Eduardo | |
| 245 | 1 | |a Programa de Ajuste Estructural / |c Eduardo Lizano | |
| 300 | |a páginas 37-60 | ||
| 773 | 0 | |0 18693 |9 118 |a Lizano Fait, Eduardo |d San José, Costa Rica: EUNED, 1990 |o 00396 |t Crisis económica y ajuste estructural / |z 9977645035 | |
| 942 | |2 ddc |c LI | ||
| 999 | |c 18695 |d 18695 | ||



